=LDR 00000nam 2200000 4500 =001 INLIS000000000012334 =005 20130612103852 =008 ***********************************Ind** =035 ##$$0010-061300000012334 =041 ##$$a Ind =082 ##$$a 658.401 =090 ##$$a 658.401, Keh J =100 ##$$a Kehoe, Dan =245 ##$$a Jurus-jurus andalan bagi para menejer dan Supervisor, Dan Kehoe dan Max Bently =260 ##$$a 1989 $b Jakarta =300 ##$$a 175 hlm., Ilus, 21 cm =650 ##$$a Manajemen Ekskutif =700 ##$$a Bentley, Max =850 ##$$a NBPNMAT